[Event "Skolernes CC op"]
[Site "Aarhus"]
[Date "1997.??.??"]
[Round "8"]
[White "Cole, Roland"]
[Black "Pedersen, Bjarne"]
[Result "1-0"]
[WhiteElo "2250"]
[BlackElo "2185"]
[PlyCount "115"]
[EventDate "1997.??.??"]
[EventType "swiss"]
[EventRounds "9"]
[EventCountry "DEN"]
[SourceTitle "EXT 1999"]
[Source "ChessBase"]
[SourceDate "1998.11.16"]
[SourceVersion "1"]
[SourceVersionDate "1998.11.16"]
[SourceQuality "1"]

1. c4 g6 2. d4 Bg7 3. e4 d6 4. Nc3 Nd7 5. Be3 e5 6. d5 Ne7 7. g4 0-0 8. Qd2 f5 9. f3 b6 10. Nge2 a5 11. Rg1 f4 12. Bf2 Nc5 13. Rb1 Bd7 14. b3 Nc8 15. h4 Bf6 16. Rh1 Be7 17. h5 Bg5 18. hxg6 hxg6 19. Nc1 Kg7 20. Kd1 Rh8 21. Rxh8 Qxh8 22. Qe1 Qh1 23. Be2 Qxe1+ 24. Kxe1 Be7 25. a3 Nb7 26. b4 axb4 27. axb4 Kf6 28. Nd3 g5 29. Kd2 Ra3 30. Kc2 Ra8 31. Kb2 Bf8 32. Ra1 Rxa1 33. Kxa1 Ne7 34. Kb2 Ng6 35. Kb3 Kf7 36. Na4 Ke8 37. Nc3 Kd8 38. Bd1 Be7 39. Ka3 Kc8 40. Ba4 Bxa4 41. Kxa4 Kd7 42. Kb5 Bf8 43. Na4 Be7 44. Ka6 Kc8 45. Nc3 Nd8 46. Ka7 Nf7 47. Nb5 Nh4 48. Ne1 Nd8 49. Ka8 Nf7 50. Na7+ Kd7 51. Kb7 Nd8+ 52. Kb8 Nf7 53. Nb5 Bd8 54. Kb7 Nh6 55. Na7 Nf7 56. Nc6 Bf6 57. Nb8+ Kd8 58. Na6 1-0

[Event "Newport Masters"]
[Site "Newport"]
[Date "1997.??.??"]
[Round "7"]
[White "Cole, Roland"]
[Black "Wall, Tim"]
[Result "1/2-1/2"]
[WhiteElo "2245"]
[BlackElo "2375"]
[PlyCount "123"]
[EventDate "1997.07.07"]
[EventType "tourn"]
[EventRounds "9"]
[EventCountry "WLS"]
[EventCategory "4"]
[SourceTitle "EXT 1999"]
[Source "ChessBase"]
[SourceDate "1998.11.16"]
[SourceVersion "1"]
[SourceVersionDate "1998.11.16"]
[SourceQuality "1"]

1. d4 Nc6 2. d5 Ne5 3. e4 e6 4. dxe6 dxe6 5. Qxd8+ Kxd8 6. f4 Ng6 7. Nf3 Nf6 8. Bd3 Bc5 9. Ke2 Bd7 10. g3 Re8 11. Be3 Bxe3 12. Kxe3 Ke7 13. Nc3 Kf8 14. Rad1 Rad8 15. Rd2 Bc6 16. h3 a6 17. Rhd1 e5 18. f5 Ne7 19. Bc4 Rxd2 20. Rxd2 b5 21. Bd3 b4 22. Ne2 Nxf5+ 23. exf5 e4 24. Ned4 exd3+ 25. Kxd3 Be4+ 26. Kc4 Bd5+ 27. Kxb4 Rb8+ 28. Ka5 c5 29. c4 Be4 30. Nb3 Bxf3 31. Nxc5 Ne4 32. Nd7+ Ke7 33. Nxb8 Nxd2 34. b3 Ne4 35. Kb6 Nxg3 36. Nxa6 Nxf5 37. Nc5 Nd6 38. Nd3 f5 39. c5 Nc8+ 40. Kc7 Na7 41. a4 g5 42. b4 Be2 43. Nf2 h5 44. b5 Nxb5+ 45. axb5 Bxb5 46. Kb6 Be8 47. c6 g4 48. hxg4 hxg4 49. Kc5 g3 50. c7 Kd7 51. Nh3 g2 52. Kd4 Kxc7 53. Ke5 Bc6 54. Ng1 Be4 55. Kf4 Kd6 56. Ne2 Ke6 57. Ng1 Kd5 58. Ne2 Kc4 59. Ke3 Kb3 60. Kf2 Kc2 61. Nd4+ Kd3 62. Nxf5 1/2-1/2

[Event "Skolernes CC op"]
[Site "Aarhus"]
[Date "1997.??.??"]
[Round "7"]
[White "Guindy, Esmat Susanne"]
[Black "Cole, Roland"]
[Result "1/2-1/2"]
[WhiteElo "2145"]
[BlackElo "2250"]
[PlyCount "56"]
[EventDate "1997.??.??"]
[EventType "swiss"]
[EventRounds "9"]
[EventCountry "DEN"]
[SourceTitle "EXT 1999"]
[Source "ChessBase"]
[SourceDate "1998.11.16"]
[SourceVersion "1"]
[SourceVersionDate "1998.11.16"]
[SourceQuality "1"]

1. d4 Nf6 2. c4 g6 3. g3 Bg7 4. Bg2 0-0 5. Nc3 d6 6. Nf3 a6 7. 0-0 Nbd7 8. b3 Rb8 9. e4 c5 10. Re1 b5 11. cxb5 axb5 12. Bb2 b4 13. Na4 cxd4 14. Nxd4 Bb7 15. Rc1 Nb6 16. Nxb6 Qxb6 17. Qd2 Rfc8 18. Rxc8+ Rxc8 19. Ba1 Nd7 20. Nc2 Bc3 21. Bxc3 bxc3 22. Qe3 Qa6 23. a3 Qb5 24. Bh3 Rc7 25. Nd4 Qc5 26. b4 Qc4 27. Bf1 Qa2 28. Nb5 Rc8 1/2-1/2

[Event "Skolernes CC op"]
[Site "Aarhus"]
[Date "1997.??.??"]
[Round "4"]
[White "Jacobsen, Bo"]
[Black "Cole, Roland"]
[Result "1-0"]
[WhiteElo "2255"]
[BlackElo "2250"]
[PlyCount "89"]
[EventDate "1997.??.??"]
[EventType "swiss"]
[EventRounds "9"]
[EventCountry "DEN"]
[SourceTitle "EXT 1999"]
[Source "ChessBase"]
[SourceDate "1998.11.16"]
[SourceVersion "1"]
[SourceVersionDate "1998.11.16"]
[SourceQuality "1"]

1. c4 g6 2. g3 Bg7 3. Bg2 Nf6 4. Nc3 0-0 5. d4 c5 6. Nf3 cxd4 7. Nxd4 Nc6 8. 0-0 Nxd4 9. Qxd4 d6 10. Qd3 Rb8 11. Be3 b6 12. Bd4 Be6 13. Rac1 Rc8 14. b3 Qd7 15. Rfd1 Rfd8 16. a4 Ng4 17. Bxg7 Kxg7 18. Ra1 Rc5 19. Qd4+ Kg8 20. Ra2 Rh5 21. h4 g5 22. hxg5 Rxg5 23. Qf4 Rg6 24. Nd5 Nf6 25. Ne3 Ng4 26. Nd5 Nf6 27. a5 Nxd5 28. Bxd5 Bxd5 29. Rxd5 e5 30. Qh4 Rb8 31. a6 Qf5 32. Rad2 Qb1+ 33. Kg2 Qxb3 34. Rxd6 Qa4 35. Qe7 Qxc4 36. Qxa7 Rc8 37. Qb7 Rc7 38. Qxb6 Qe4+ 39. f3 Rxg3+ 40. Kf2 Qh4 41. Qxc7 Kg7 42. Ke3 Rg1 43. Kd3 Ra1 44. Qc3 Qe7 45. Qxa1 1-0

[Event "DEN-chJ"]
[Site "Lyngby"]
[Date "1996.??.??"]
[Round "8"]
[White "Cole, Roland"]
[Black "Kryzius, Kestutis"]
[Result "1/2-1/2"]
[WhiteElo "2215"]
[BlackElo "2240"]
[PlyCount "98"]
[EventDate "1996.07.08"]
[EventType "swiss"]
[EventRounds "9"]
[EventCountry "DEN"]
[SourceTitle "EXT 1999"]
[Source "ChessBase"]
[SourceDate "1998.11.16"]
[SourceVersion "1"]
[SourceVersionDate "1998.11.16"]
[SourceQuality "1"]

1. d4 e6 2. Nd2 c5 3. dxc5 Bxc5 4. Ne4 d5 5. Nxc5 Qa5+ 6. c3 Qxc5 7. e4 dxe4 8. Be3 Qc7 9. Qa4+ Bd7 10. Qxe4 Nf6 11. Qc2 Bc6 12. f3 Nbd7 13. Ne2 0-0 14. Nd4 Nb6 15. Nxc6 Qxc6 16. Bd3 Nbd5 17. Bf2 Nf4 18. 0-0 Qd5 19. Rfd1 Qg5 20. Bg3 h5 21. Qd2 e5 22. Bf1 h4 23. Bf2 Rad8 24. Qe1 Nh3+ 25. Kh1 Nxf2+ 26. Qxf2 b6 27. Rd3 Rxd3 28. Bxd3 Rd8 29. Rd1 e4 30. Be2 Rxd1+ 31. Bxd1 e3 32. Qe1 Nh5 33. Bc2 Nf4 34. g3 hxg3 35. hxg3 Qh6+ 36. Kg1 Ne6 37. f4 Nxf4 38. gxf4 Qxf4 39. Kg2 Qg4+ 40. Kh2 Qf3 41. Bd1 Qe4 42. Qe2 g6 43. Qf3 Qe5+ 44. Kg2 Kg7 45. Kf1 Qb5+ 46. Qe2 Qd5 47. Ke1 Qh1+ 48. Qf1 Qh4+ 49. Ke2 Qc4+ 1/2-1/2

[Event "Abihome-A"]
[Site "Brussels"]
[Date "1995.10.??"]
[Round "4"]
[White "Cole, Roland"]
[Black "Pettinger, Jean Paul"]
[Result "1-0"]
[WhiteElo "2250"]
[BlackElo "1935"]
[PlyCount "67"]
[EventDate "1995.10.28"]
[EventType "swiss (rapid)"]
[EventRounds "11"]
[EventCountry "BEL"]
[SourceTitle "EXT 2015"]
[Source "ChessBase"]
[SourceDate "2014.11.20"]
[SourceVersion "1"]
[SourceVersionDate "2014.11.20"]
[SourceQuality "1"]

1. d4 Nf6 2. c4 e6 3. Nc3 Bb4 4. g3 0-0 5. Bg2 d6 6. Nf3 Re8 7. 0-0 Nbd7 8. Qc2 e5 9. d5 a5 10. Na4 h6 11. h3 Bc5 12. Nxc5 Nxc5 13. Be3 Ncd7 14. b3 Nf8 15. Rfd1 N6h7 16. c5 f5 17. cxd6 cxd6 18. Nd2 f4 19. gxf4 exf4 20. Bxf4 Qh4 21. Bg3 Qh5 22. Ne4 Bf5 23. Rd4 Rac8 24. Qd2 Ng5 25. Nxg5 hxg5 26. e4 Bxh3 27. Bxh3 Qxh3 28. Qxg5 Rc2 29. e5 Nh7 30. Qg6 Rec8 31. exd6 Nf6 32. Re1 Rxa2 33. Rh4 Qd7 34. Re7 1-0

[Event "Abihome-A"]
[Site "Brussels"]
[Date "1995.10.??"]
[Round "5"]
[White "Relange, Eloi"]
[Black "Cole, Roland"]
[Result "1-0"]
[WhiteElo "2420"]
[BlackElo "2250"]
[PlyCount "61"]
[EventDate "1995.10.28"]
[EventType "swiss (rapid)"]
[EventRounds "11"]
[EventCountry "BEL"]
[SourceTitle "EXT 2015"]
[Source "ChessBase"]
[SourceDate "2014.11.20"]
[SourceVersion "1"]
[SourceVersionDate "2014.11.20"]
[SourceQuality "1"]

1. e4 c5 2. Nf3 d6 3. c3 Nf6 4. Be2 g6 5. 0-0 Bg7 6. Bb5+ Bd7 7. Bxd7+ Qxd7 8. Re1 Nc6 9. d4 cxd4 10. cxd4 e5 11. Nc3 0-0 12. Bg5 h6 13. Bxf6 Bxf6 14. Nd5 Qd8 15. Nxf6+ Qxf6 16. d5 Ne7 17. Qb3 b6 18. Rac1 Rfc8 19. g3 Rxc1 20. Rxc1 Rc8 21. Rc3 Kh7 22. Kg2 Qh8 23. Rxc8 Qxc8 24. Qa4 Qc7 25. Qe8 Kg7 26. b3 f5 27. Nd2 fxe4 28. Nxe4 Nxd5 29. Qe6 Nc3 30. Nxd6 Nxa2 31. Ne8+ 1-0

[Event "4NCL 9495 2nd Season"]
[Site "England"]
[Date "1995.01.22"]
[Round "6.7"]
[White "Cole, Roland"]
[Black "Wolstencroft, Darryl"]
[Result "1/2-1/2"]
[WhiteElo "2290"]
[BlackElo "2190"]
[PlyCount "89"]
[EventDate "1994.10.01"]
[EventType "team-tourn"]
[EventRounds "11"]
[EventCountry "GBR"]
[SourceTitle "EXT 2022"]
[Source "ChessBase"]
[SourceDate "2021.10.06"]
[SourceVersion "1"]
[SourceVersionDate "2021.10.06"]
[SourceQuality "1"]
[WhiteTeam "Bristol"]
[BlackTeam "North West Eagles"]
[WhiteTeamCountry "ENG"]
[BlackTeamCountry "ENG"]

1. d4 e6 2. e3 f5 3. Nf3 Nf6 4. Nbd2 Be7 5. Bd3 d5 6. Ne5 0-0 7. 0-0 Nbd7 8. Ndf3 Ne4 9. Nxd7 Bxd7 10. Ne5 Be8 11. f3 Nd6 12. Qe2 Nf7 13. Nxf7 Bxf7 14. c3 c5 15. Kh1 Bh5 16. Qe1 Bh4 17. Qd2 Qc7 18. b4 c4 19. Bc2 a5 20. b5 a4 21. Ba3 Rf6 22. e4 dxe4 23. fxe4 Rh6 24. b6 Qb8 25. e5 Qd8 26. Rab1 Qd5 27. Kg1 Rg6 28. Bd1 Bg5 29. Qc2 Be3+ 30. Kh1 Bxd1 31. Rbxd1 Qd8 32. d5 Qxb6 33. dxe6 Qxe6 34. Qxa4 Qa6 35. Qd7 Qc6 36. Qxc6 Rxc6 37. Rxf5 g6 38. Rf3 Rxa3 39. Rxe3 Rxa2 40. h3 Re6 41. Rd7 Ra5 42. Rf3 Raxe5 43. Rff7 b5 44. Rg7+ Kf8 45. Rxh7 1/2-1/2

[Event "Aarhus op"]
[Site "Aarhus"]
[Date "1994.??.??"]
[Round "9"]
[White "Cole, Roland"]
[Black "Davey, Mark"]
[Result "1-0"]
[WhiteElo "2295"]
[BlackElo "2035"]
[PlyCount "51"]
[EventDate "1994.??.??"]
[EventType "swiss"]
[EventRounds "9"]
[EventCountry "DEN"]
[SourceTitle "EXT 1998"]
[Source "ChessBase"]
[SourceDate "1997.11.17"]
[SourceVersion "1"]
[SourceVersionDate "1997.11.17"]
[SourceQuality "1"]

1. d4 Nf6 2. c4 e6 3. Nc3 Bb4 4. g3 c5 5. Nf3 0-0 6. Bg2 d6 7. 0-0 Nc6 8. d5 Bxc3 9. bxc3 Na5 10. Qd3 e5 11. Nd2 Nd7 12. e4 Qe7 13. Nb3 Nxb3 14. axb3 b6 15. f4 Re8 16. f5 f6 17. g4 g5 18. fxg6 hxg6 19. g5 Qg7 20. Bh3 f5 21. exf5 gxf5 22. Bxf5 Nf8 23. Be4 Nh7 24. Ra2 Bd7 25. Bxh7+ Qxh7 26. Qxh7+ 1-0

[Event "Aarhus op"]
[Site "Aarhus"]
[Date "1994.??.??"]
[Round "8"]
[White "Rewitz, Poul"]
[Black "Cole, Roland"]
[Result "1-0"]
[WhiteElo "2285"]
[BlackElo "2295"]
[PlyCount "55"]
[EventDate "1994.??.??"]
[EventType "swiss"]
[EventRounds "9"]
[EventCountry "DEN"]
[SourceTitle "EXT 1998"]
[Source "ChessBase"]
[SourceDate "1997.11.17"]
[SourceVersion "1"]
[SourceVersionDate "1997.11.17"]
[SourceQuality "1"]

1. e4 c5 2. Nf3 d6 3. d4 cxd4 4. Nxd4 Nf6 5. Nc3 g6 6. g3 Nc6 7. Bg2 Bg7 8. Nxc6 bxc6 9. e5 Nd7 10. exd6 Ba6 11. Bf1 Bb7 12. Be2 Ne5 13. Be3 exd6 14. f4 c5 15. fxe5 Bxh1 16. Bb5+ Kf8 17. Qxd6+ Qxd6 18. exd6 Bd4 19. Bh6+ Bg7 20. Be3 Bd4 21. Bh6+ Bg7 22. Bg5 Bd4 23. 0-0-0 Bf3 24. Rd3 Bg4 25. Rxd4 cxd4 26. Bh6+ Kg8 27. Ne4 f6 28. Bc4+ 1-0